Normal view
MARC view
- Aluminum, Structural.
Entry Topical Term
001 - CONTROL NUMBER
- control field: 3512
003 - CONTROL NUMBER IDENTIFIER
- control field: NUST
005 - DATE AND TIME OF LATEST TRANSACTION
- control field: 20170720130710.0
008 - FIXED-LENGTH DATA ELEMENTS
- fixed length control field: 170720|| aca||aabn | a|a d
040 ## - CATALOGING SOURCE
- Original cataloging agency: NUST
- Transcribing agency: NUST
150 ## - HEADING--TOPICAL TERM
- Topical term or geographic name entry element: Aluminum, Structural.
670 ## - SOURCE DATA FOUND
- Source citation: Work cat.: (NUST)0: Gaylord, Edwin H. 3511, Design of Steel Structures:, 1957.
